000 00688nam a2200229 i 4500
001 6094
003 ES-MaACL
005 20230906144807.0
007 t|
008 890711s1982 sp ||||1| spa d
080 _a41.541.2
100 1 _aBernal Leongomez, Jaime.
_928196
245 1 0 _aElementos de gramatica generativa /
_cJaime Bernal Leongomez.
260 _aBogota :
_bInstituto Caro y Cuervo,
_c1982.
300 _a197 p. ;
_c21 cm.
490 1 _aSeries Minor ;
_vXXIII
650 1 4 _aGramática generativa.
_913156
710 2 _aInstituto Caro y Cuervo.
_94806
830 0 _aSeries Minor ;
_vXXIII
_9177449
852 _aES-MaACL
_jL-13190
_bR.116626
999 _c6094
_d6094